00471 2200205 4500001002100000005001500021035002000036007000300056008004100059082001100100084001700111100002400128245001700152260004200169856001800211990000900229990000900238990000900247990000900256INLIS00000000000309720250731123536 a0010-0725000220ta250731 d 0 ind  a155.25 a155.25 DR. t0 aDr. Sabaruddin Tain1 aTersenyumlah aJakarta :bAnak Sholeh Pratama,c2007 aKelompok Umum a2170 a1602 a2168 a2169